| 000 | 00743nam1a2200241 4500 | ||
|---|---|---|---|
| 001 | RU\NLR\BIBL_A\022480432 | ||
| 005 | 20260628195709.0 | ||
| 035 | _a(NLR Aleph) 022480432 | ||
| 090 |
_a13741358 _c13741358 |
||
| 100 | _a20250306d19451945c y0rusy50 ca | ||
| 101 | 0 |
_aaze _crus |
|
| 102 | _aAZ | ||
| 105 | _aa z 000 y | ||
| 200 | 1 |
_aҺесаб мәсәлә вә мисаллары _fН.С. Попова |
|
| 205 | _a4-ҹү чапы | ||
| 210 |
_aБакы _cАзәртәдриснәшр |
||
| 215 |
_cил. _d21 |
||
| 541 | 1 |
_aСборник арифметических задач и упражнений _zrus |
|
| 700 | 1 |
_aПопова _bН. С. _4070 |
|
| 852 |
_aNLR _bОНЛ _jАзерб./3-2576 |
||
| 942 | _cBOOK | ||
| 980 | _aNB | ||